Historia plantarum : Quæ in Horto academico Lugduni-Batavorum crescunt cum earum charecteribus [as printed], & Medicinalibus virtutibus Desumptis ex ore Clarissimi viri Hermanni Boerhaave, Philosophiæ Medicinæ Doctoris, Mediciinæ, & Collegii practici Lugduni-Batavorum professoris. Collectis atque in lucem editis ab *** Pars Prima.

Bibliographic Details
Main Author: Boerhaave, Herman, 1668-1738
Corporate Author: Gale (Firm)
Format: eBook
Language:Latin
Published: Londini : Sumptibus Societatis, M.D.CCXXXVIII. [1738]
Edition:Editio novissima, aucta, & ab infinitis mendis purgata, & indice accuratissimo aucta.
Subjects:
Online Access:Connect to the full text of this electronic book

MARC

Tag First Indicator Second Indicator Subfields
LEADER 00000cam a2200000 4500
001 in00003821821
005 20190415184218.0
006 m o d
007 cr |n||||||||n
008 810807s1738 ne |||| o 00||||lat c
035 |a (CU-RivES)T130372 
035 |a (Uk-ES)006398105 
035 |a (OCoLC)508884872 
040 |a Uk-ES  |c Uk-ES  |d CU-RivES  |d CStRLIN  |d CU-RivES  |d Cengage Gale  |d UtOrBLW 
100 1 |a Boerhaave, Herman,  |d 1668-1738.  |0 http://id.loc.gov/authorities/names/n50010081 
245 1 0 |a Historia plantarum :  |b Quæ in Horto academico Lugduni-Batavorum crescunt cum earum charecteribus [as printed], & Medicinalibus virtutibus Desumptis ex ore Clarissimi viri Hermanni Boerhaave, Philosophiæ Medicinæ Doctoris, Mediciinæ, & Collegii practici Lugduni-Batavorum professoris. Collectis atque in lucem editis ab *** Pars Prima. 
250 |a Editio novissima, aucta, & ab infinitis mendis purgata, & indice accuratissimo aucta. 
264 1 |a Londini :  |b Sumptibus Societatis,  |c M.D.CCXXXVIII. [1738] 
300 |a 1 online resource (4 unnumbered pages, 408, 2 unnumbered pages, 409-696, 30 unnumbered pages)  
336 |a text  |b txt  |2 rdacontent 
337 |a computer  |b c  |2 rdamedia 
338 |a online resource  |b cr  |2 rdacarrier 
500 |a The imprint is false; in fact printed in Amsterdam (Weller, volume1, pages295). 
500 |a With a separate titlepage to part 2 and a final index. 
510 4 |a Henrey,  |c 463 
510 4 |a English Short Title Catalog,  |c T130372. 
500 |a Reproduction of original from British Library. 
500 |a Electronic resource. 
610 2 0 |a Rijksuniversiteit te Leiden.  |b Hortus Botanicus.  |0 http://id.loc.gov/authorities/names/n86862310 
655 7 |a Electronic books.  |2 local 
710 2 |a Gale (Firm)  |0 http://id.loc.gov/authorities/names/no2008071348 
752 |a Netherlands  |d Amsterdam. 
856 4 0 |u http://proxy.library.tamu.edu/login?url=http://find.galegroup.com/ecco/infomark.do?contentSet=ECCOArticles&docType=ECCOArticles&bookId=1477002400&type=getFullCitation&tabID=T001&prodId=ECCO&docLevel=TEXT_GRAPHICS&version=1.0&source=library&userGroupName=txshracd2898  |z Connect to the full text of this electronic book  |t 0 
999 f f |s 6ee60424-6b29-3b6c-90ad-ebbb17cdabaf  |i 5a075051-eeff-31c9-aace-b93a741555a9  |t 0 
952 f f |a Texas A&M University  |b College Station  |c Electronic Resources  |d Available Online  |t 0  |h No information provided 
998 f f |t 0  |l Available Online